00392 a2200097 4500001001000000005001700010008004100027245006700068100002800135773013100163ART_1744120260410161820.0260409a 10aAnálisis de las modificaciones al Régimen Penal Tributario1 aSemachowicz, Esteban D.0 tDoctrina Penal Tributaria y EconómicagEdición especial : Reforma de la Ley Penal Tributaria - Nº 22 (feb. 2012)wREV4317